000 00903pam a2200193 a 4500
020 _a155815146X (pbk.) :
040 _cDLC
082 0 0 _a332 ICS 1991 A018 Or.
245 0 0 _aExchange rate policies in developing and post-socialist countries /
260 _aSan Francisco, Calif. :
_bICS Press ;
_aLanham, Md. :
_bDistributed to the book trade by National Book Network,
_cc1991.
300 _axix, 443 p. :
_bill. ;
_c23 cm.
500 _aProceedings of the Second Monetary Conference of the Freie Universität Berlin and the Landeszentralbank Berlin, held May 10-12, 1990, at the Berliner Bank, and sponsored by the International Center for Economic Growth.
500 _a"An International Center for Economic Growth publication."
650 0 _aForeign exchange
650 0 _aMonetary policy
700 1 _aClaassen, Emil Maria,
710 2 _aInternational Center for Economic Growth.
942 _cEK
999 _c12257
_d12257